Statistiken für Katar-Quiz

Klicken Sie hier um das Quiz zu spielen!

Allgemein

  • Dieses Quiz wurde 637 mal gespielt
  • Das Durchschnittsergebnis liegt bei 15 aus 20

Antwortstatistiken

FrageAntwort% Korrekt
Einziges NachbarlandSaudi Arabien
98%
AmtsspracheArabisch
97%
HauptexportgutErdöl / Erdgas
95%
Ereignis, das 2022 in Katar stattfinden wirdFußball-WM
95%
HauptstadtDoha
93%
Land mit ähnlicher Flagge:
Bahrain
92%
Golf, an welchem Katar liegtPersischer Golf
87%
0% der Landfläche Katars sind von diesem Ökosystem bedecktWald
86%
Katar hat weltweit den höchsten pro Kopf-Ausstoß dieses TreibhausgasesKohlenstoffdioxid
85%
Land, von welchem Katar 1971 unabhängig wurdeVereinigtes Königreich
81%
Nennen Sie eines der beiden Länder mit einem höheren pro Kopf-BIP als KatarMonaco |
Liechtenstein
77%
Mehr als zweimal so viele Bewohner wurden in diesem Land als in Katar selbst geborenIndien
73%
Titel des Herrschers von KatarEmir
71%
Islamisches Gesetzsystem, welches die Rechtsgrundlage von Katar bildetScharia
66%
Ein Moslem der beim Alkoholkonsum erwischt wird, wird damit bestraftPeitschen
64%
Vor den 1920er Jahren war die Wirtschaft Katars stark vom Handel mit diesen wertvollen Meeresprodukten abhängigPerlen
58%
Bekanntester NachrichtensenderAl Jazeera
54%
Das Nationaltier von Katar, der arabische Oryx, gehört dieser Tiergattung anAntilopen
47%
WährungKatar-Riyal
44%
Traditionelles Segelschiff (Anfangsbuchstabe D)Dau
31%

Verteilung der Resultate

Perzentil nach korrekt beantworteten Fragen

Anzahl Personen mit jedem Resultat

Ihre Resultats-Entwicklung

Sie haben dieses Quiz noch nicht gespielt